Oud eredivisie/KKD voetballers in CL 24/25 - Statistieken

Algemene statistieken
  • Deze quiz is 55 keer genomen
  • De gemiddelde score is 9 van 61
Antwoordstatistieken
Speelde bij Antwoord % Correct
Willem 2/Ajax Frenkie de Jong
91%
Groningen Virgil van Dijk
80%
Ajax Ryan Gravenberch
50%
PSV Cody Gakpo
43%
Sparta/Heerenveen/PSV Denzel Dumfries
41%
Heerenveen/Vitesse Martin Odegaard
36%
PEC Zwolle/AZ/RKC Tijjani Reijnders
32%
Ajax Jurrien Timber
27%
Feyenoord Stefan de Vrij
27%
PSV Xavi Simons
27%
Ajax/Groningen Daley Blind
25%
PSV Donyell Malen
25%
Groningen Alexander Sorloth
20%
AZ Teun Koopmeiners
20%
Willem 2/AZ Vangelis Pavlidis
20%
Ajax Donny van de Beek
18%
PSV Oleksandr Zinchenko
18%
Sparta/Heerenveen Marten de Roon
16%
Feyenoord Santiago Gimenez
16%
Feyenoord Orkun Kokcu
14%
Willem 2 Kostas Tsimikas
11%
Ajax/Cambuur/Groningen/AZ Marco Bizot
11%
Twente Marko Arnautovic
11%
Ajax Arkadiusz Milik
9%
Emmen/Ajax/Vitesse Kjell Scherpen
9%
Groningen Bjorn Meijer
7%
Ajax Francisco Conceicao
7%
Feyenoord Fredrik Aursnes
7%
Vitesse Lois Openda
7%
Feyenoord Lutsharel Geertruida
7%
Go Ahead/AZ Sam Beukema
7%
Emmen/Groningen/Excelsior Thijs Dallinga
7%
Roda JC Yann Bisseck
7%
PSV/NEC Arnaut Danjuma
5%
PSV Bruma
5%
Ajax Chuba Akpom
5%
Emmen Filip Ugrinic
5%
Groningen Gabriel Gudmundsson
5%
Ajax Gabriel Misehouy
5%
PSV/PEC Zwolle Gianluca Scamacca
5%
Heracles Janis Blaswich
5%
Heerenveen/RKC/AZ Jens Odgaard
5%
Heerenveen/Feyenoord Jeremiah St.Juste
5%
PSV Jordan Teze
5%
Ajax Mitchell Bakker
5%
Heerenveen Osame Sahraoui
5%
Emmen Oussama El Azzouzi
5%
Feyenoord/NAC/Utrecht/Vitesse Ramon Hendriks
5%
MVV Samy Mmaee
5%
PEC Zwolle/Fortuna Sittard Siemen Voet
5%
PSV Yorbe Vertessen
5%
Twente Christos Tzolis
2%
Vitesse Guram Kashia
2%
Sparta/Groningen Jeff Chabot
2%
NAC/Twente Luka Ilic
2%
NEC Mathias Ross
2%
RKC Mika Biereth
2%
Vitesse/Heracles Mohamed Sankoh
2%
AZ Peter Vindahl
2%
PSV Savinho
2%
Ajax Tommy Setford
2%
Geen overeenkomende quizzen gevonden
Scoreverdeling
Procent van Mensen met Elke Score
Percentiel versus Aantal Correcte Antwoorden
Uw Scoregeschiedenis
U heeft deze quiz nog niet genomen